By the King. A proclamation prohibiting the importation of all sorts of manufactures and commodities whatsoever, of the growth, production, or manufacture of France, and of all places in the possession of the French King..

Bibliographic Details
Corporate Author: England and Wales. Sovereign (1660-1685 : Charles II)
Other Authors: Charles II, King of England, 1630-1685
Format: eBook
Language:English
Published: In the Savoy, [id est London] : Printed by the assigns of John Bill and Christopher Barker, His Majesties printers, 1666.
Series:Early English books online.
Subjects:
Online Access:Connect to the full text of this electronic book
Connect to the full text of this electronic book
Connect to the full text of this electronic book
Connect to the full text of this electronic book

MARC

Tag First Indicator Second Indicator Subfields
LEADER 00000nam a2200000 4500
001 in00004188949
005 20200806080232.0
006 m g d
007 cr bn |||a|bb|
008 850715s1666 enk o o00 eng d
035 |a (OCoLC)12265241 
035 |a (UnM)99883062 
037 |a CL2105000001  |b ProQuest Information and Learning. 300 N. Zeeb Rd., Ann Arbor, MI 48106 
040 |a Cu-RivES  |c Cu-RivES  |d CStRLIN  |d Cu-RivES  |e dcrb 
110 1 |a England and Wales.  |b Sovereign (1660-1685 : Charles II) 
245 1 0 |a By the King. A proclamation prohibiting the importation of all sorts of manufactures and commodities whatsoever, of the growth, production, or manufacture of France, and of all places in the possession of the French King.. 
246 3 0 |a Proclamation prohibiting the importation of all sorts of manufactures and commodities whatsoever, of the growth, production, or manufacture of France, and of all places in the possession of the French King 
260 |a In the Savoy, [id est London] :  |b Printed by the assigns of John Bill and Christopher Barker, His Majesties printers,  |c 1666. 
300 |a 1 online resource (2 sheets (versos blank) 
336 |a text  |b txt  |2 rdacontent 
337 |a computer  |b c  |2 rdamedia 
338 |a online resource  |b cr  |2 rdacarrier 
500 |a At end of text: Given at our court at Whitehall the tenth day of November, in the eighteenth year of our reign, 1666. 
500 |a Steele notation: Arms 75 Assembled, Kingdom 2) Com- be-. 
500 |a Two copies are filmed consecutively at reel C18:1[203]-[204]. 
500 |a Copies at reel C18:1[203]-[204] consist of single sheet. 
500 |a Reproduction of original in the British Library. 
510 4 |a Wing (CD-ROM, 1996)  |c C3530. 
510 4 |a Steele  |c I, 3481. 
510 4 |a Early English books tract supplement interim guide  |c 21.h.2[35]. 
510 4 |a Early English books tract supplement interim guide  |c C.21.f.1[39b]. 
510 4 |a Early English books tract supplement interim guide  |c 1851.c.8[204]. 
510 4 |a Early English books tract supplement interim guide  |c 1851.c.8[205]. 
533 |a Electronic reproduction.  |b Ann Arbor, Mich. :  |c UMI,  |d 1999-  |f (Early English books online)  |n Digital version of: (Early English books; Tract supplement ; C9:1[35]; C9:3[177]; C18:1[203]; C18:1[204])  |7 s1999 miun s 
650 0 |a Economic sanctions  |z France  |v Early works to 1800. 
700 0 |a Charles  |b II,  |c King of England,  |d 1630-1685. 
830 0 |a Early English books online. 
856 4 0 |u http://proxy.library.tamu.edu/login?url=https://search.proquest.com/docview/2264205006  |z Connect to the full text of this electronic book  |t 0 
856 4 0 |u http://proxy.library.tamu.edu/login?url=https://search.proquest.com/docview/2248517462  |z Connect to the full text of this electronic book  |t 0 
856 4 0 |u http://proxy.library.tamu.edu/login?url=https://search.proquest.com/docview/2248520527  |z Connect to the full text of this electronic book  |t 0 
856 4 0 |u http://proxy.library.tamu.edu/login?url=https://search.proquest.com/docview/2264201820  |z Connect to the full text of this electronic book  |t 0 
999 f f |s a7517383-498a-3192-bb86-d1066b9db26b  |i e1be2361-453e-3173-9281-470d7c6b9773  |t 0 
952 f f |a Texas A&M University  |b College Station  |c Electronic Resources  |d Available Online  |t 0  |h No information provided 
998 f f |t 0  |l Available Online